| 000 | 01154nam a2200301 i 4500 | ||
|---|---|---|---|
| 001 | 27541 | ||
| 003 | ES-MaACL | ||
| 005 | 20251003152901.0 | ||
| 007 | t| | ||
| 008 | 030114s1958 sp ||||1| spa d | ||
| 080 | _a931 | ||
| 100 | 1 |
_aAymard, André. _924172 |
|
| 245 | 1 | 0 |
_aOriente y Grecia antigua / _cpor André Aymard y Jeannine Auboyer ; introducción por Eduardo Ripoll Perelló ; prefacio por Maurice Crouzet ; prefacio a la edición española por Jaime Vicens Vives. |
| 250 | _a1ª ed. | ||
| 260 |
_aBarcelona : _bDestino, _c1958 ( _fImp. Clarasó) |
||
| 300 |
_a776 p., 63 lám. : _bil. ; _c24 cm. |
||
| 490 | 1 |
_aHistoria general de las civilizaciones ; _v1 |
|
| 650 | 4 |
_aCivilización antigua. _9141209 |
|
| 650 | 4 |
_aCivilización griega. _9137206 |
|
| 650 | 4 |
_aCivilización oriental. _9142522 |
|
| 700 | 1 |
_aAuboyer, Jeanninne. _923817 |
|
| 700 | 1 |
_aRipoll Perelló, Eduardo, _d1923-2006 _997437 |
|
| 700 | 1 |
_aCrouzet, Maurice. _941736 |
|
| 700 | 1 |
_aVicens Vives, Jaime, _d1910-1960 _9114319 |
|
| 830 | 1 |
_aHistoria general de las civilizaciones ; _v1 _9229216 |
|
| 852 |
_aES-MaACL _jA-3966 |
||
| 999 |
_c27541 _d27541 |
||